000 00423nam a22001577a 4500
005 20251108173052.0
008 250721s2000 xx 000 0 ara d
082 1 4 _aط/ق/خلي
100 1 _aخليفة، ايناس خليفة
245 1 0 _aاحلام الشهداء /
264 1 _aعمان :
_c2000.
650 1 7 _aالقصص العربية
650 1 7 _aادب الأطفال
942 _2ddc
_cBK
999 _c95330
_d95330